000 00674nam a22002417a 4500
003 UA-OsUOA
001 39958
007 ta
008 20080525b un ||||| |||| 00| 0 ukr d
100 _aГриньків І. (Дніпро)
090 _a82-94
_bГ85
942 _cBR
040 _aUA-OsUOA
_bukr
_cUA-OsUOA
_dUA-OsUOA
245 _aКоли в жилах кров холоне
_bВ 25-ліття УПА
300 _a33 с.
955 _a3
041 _aukr
080 _a82-94
260 _c1968
246 3 1 _aФранменти спогадів повстанця
650 7 _a82 Література. Літературознавство
_2UDC
999 _c438467
_d438467